01361nam a2200265 a 450000100100000000500170001000800410002704000250006808200200009310000280011324500940014126000840023530000200031950000620033959000260040165000300042765000310045770000480048891000370053695201320057395201320070595201180083795201230095599900170107800002558820240412074252.0110218s1996 dr r 000 j spa d aDO-SdBNPbspacBNPHU aRD863.44bP324t1 aPaula, Rafael E.92974713aEl teniente dormido :bcuentos /cRafael E. Paula ; prólogo Roberto Santos Hernández. aSan Francisco de Macorís, República DominicanafImpresoras del Nortec1996. a87 p. ;c19 cm. aIncluye datos biográficos del autor en la contraportada aInventariado, 2020/BT 4aCuentos dominicano923618 0aLiteratura dominicana.96712aSantos Hernández, Robertoepról.952267 aValidado. Control de calidad MFF 001054708DSaGRbGRcHDd2020-02-17iLF1l0oRD863.44 P324tp25588-30r2020-06-25te.3w2020-06-25yLFDSZPréstamo en sala 001054708DSaGRbGRcHDd2020-02-17iLF1l0oRD863.44 P324tp25588-40r2020-06-25te.4w2020-06-25yLFDSZPréstamo en sala 0010718PDaPDbPDcHDd2011-02-18iLF1l0oRD863.44 P324tp25588-10r2020-06-25w2020-06-25yLFPDZNo se presta 0010718PDaPDbPDcHDd2011-02-18iLF1l0oRD863.44 P324tp25588-20r2020-06-25te.2w2020-06-25yLFPDZNo se presta c25080d25080